00670nam a2200241 a 4500001001300000003000900013005001700022008004100039020001000080082001600090100001800106245003300124260004200157300000900199500003500208505001500243650002700258700001800285902000800303942000700311952009500318999001500413nice12345678IN_TiNIC20260116011543.0050524s1918 oxfa grp 000 0 eng  ac10000a492.75bESS aEss, John Van aSpoken Arabic of Mesopotamia aOxfordbOxford University Pressc1918 a256p aincludes index and biblioraphy2 aVocabulary aArabic-Lauguage Spoken1 aEss, John Van bSRS cBK 00104070aHMIbHMId2008-09-17g100.00l0o492.75 ESSp334r2008-09-17w2026-01-16yARB c2577d2577